Filozofia využívania prírodných zdrojov

Charakteristika súčasnej environmentálnej krízy. Princípy ochrany prírodného prostredia a ekologickej stabilizácie súčasnej krajiny. Problém vzťahu človeka k prírode. Etické postoje k prírodnému prostrediu na príklade lesa. Starostlivosť o lesné ekosystémy. Obnova pôvodného stavu lesa.

Saved in:
Bibliographic Details
Main Author: Vološčuk, Ivan
Format: Book Chapter
Language:Slovak
Subjects:
Tags: Add Tag
No Tags, Be the first to tag this record!

MARC

LEADER 00000naa a2200000 4500
001 r037396
005 20230928073855.7
041 0 |a slo 
044 |a SK 
245 1 0 |a Filozofia využívania prírodných zdrojov  |c Ivan Vološčuk 
520 |a Charakteristika súčasnej environmentálnej krízy. Princípy ochrany prírodného prostredia a ekologickej stabilizácie súčasnej krajiny. Problém vzťahu človeka k prírode. Etické postoje k prírodnému prostrediu na príklade lesa. Starostlivosť o lesné ekosystémy. Obnova pôvodného stavu lesa. 
610 2 0 |a ochrana prostredia životného 
610 2 0 |a ochrana prírody 
610 2 0 |a prostredie prírodné 
610 2 0 |a etika environmentálna 
610 2 0 |a lesy 
610 2 0 |a ekológia 
610 2 0 |a obnova zdrojov prírodných 
610 2 0 |a zdroje prírodné 
100 1 |a Vološčuk, Ivan